Teoria del Estado.
Gorde:
| Egile nagusia: | |
|---|---|
| Formatua: | Liburua |
| Argitaratua: |
México D.F., México:
Fondo de Cultura Económica,
1955
|
| Edizioa: | Tercera edición en español. |
| Saila: | Sección de Obras de Ciencia Política
|
| Gaiak: | |
| Etiketak: |
Etiketa erantsi
Etiketarik gabe, Izan zaitez lehena erregistro honi etiketa jartzen!
|
MARC
| LEADER | 00000nam a2200000 a 4500 | ||
|---|---|---|---|
| 001 | UCY0506 | ||
| 003 | CL-VaPUC | ||
| 005 | 20220822114641.0 | ||
| 008 | 220718t1955 ||||| |||| 00| 0 eng d | ||
| 999 | |c 437203 |d 437201 | ||
| 040 | |c Pontificia Universidad Católica de Valparaíso | ||
| 082 | 0 | 4 | |a 320.101 HEL 1955 |2 21 |
| 100 | |a Heller, Hermann |e autor |9 328249 | ||
| 245 | 1 | 0 | |a Teoria del Estado. |
| 250 | |a Tercera edición en español. | ||
| 260 | |a México D.F., México: |b Fondo de Cultura Económica, |c 1955 | ||
| 300 | |a 340 páginas. | ||
| 490 | 0 | |a Sección de Obras de Ciencia Política | |
| 500 | |a c.1 Donación Familia Prof. Alejandro Guzmán Brito. | ||
| 583 | |a last modification |c 19940803 00:00:00 |k Catalogador Asistente | ||
| 650 | 0 | |a Estado |9 255503 | |
| 650 | 0 | |a Ciencias Políticas |9 255201 | |
| 942 | |c BK |2 ddc |n 0 | ||
| 952 | |0 0 |1 0 |2 ddc |4 0 |6 320_101000000000000_HEL_1955 |7 1 |8 C_AGB |9 584959 |a BIBDER |b BIBDER |d 2022-07-18 |e Donación |i 5653098 |o 320.101 HEL 1955 |p 5653098 |r 2024-05-09 |t 1 |w 2022-07-18 |y BK_US |k AGB | ||